La inauguración de la Academia: estudio introductorio, presentaciones y notas

Enregistré dans:
Détails bibliographiques
Auteur principal: Maza, Josefina de la (autora)
Format: Livre
Langue:espagnol
Publié: Santiago Ediciones Universidad Alberto Hurtado 2013
Édition:1a. ed
Sujets:
Tags: Ajouter un tag
Pas de tags, Soyez le premier à ajouter un tag!

MARC

LEADER 00000cam a2200000 a 4500
001 UCE7317
003 CL-VaPUC
008 150605e20130000cl |||||||||||||||||spa|d
020 |a 9789568421854 
082 0 4 |a 709.83  |b MAZ  |2 21 
100 |a Maza, Josefina de la  |e autora  |9 580012 
245 1 3 |a La inauguración de la Academia: estudio introductorio, presentaciones y notas 
250 |a 1a. ed 
300 |a 43 p 
942 |c BK 
945 |d 20150605 14:50:00  |a dcastane 
260 |a Santiago  |b Ediciones Universidad Alberto Hurtado  |c 2013 
650 0 |a Pintura chilena  |9 266171 
650 7 |a PINTURA SIGLO 20  |2 CL-VaPUC  |9 266201 
583 |a last modification  |c 20150605 14:50:00  |k Rodrigo Vera 
999 |c 359418  |d 359416 
952 |0 0  |1 0  |3 erb  |4 0  |6 709_830000000000000_MAZ_2013  |7 0  |8 A  |9 468606  |a BIBART  |b BIBART  |i 5163137  |l 1  |o 709.83 MAZ 2013  |p 5163137  |r 2025-03-13  |s 2023-11-03  |w 2019-11-23  |y BK  |z Catalogado en:20150605  |k ART